[Event "II liga SSCS 2015- zapad"]
[Site "Ravni Gaj"]
[Date "2015.10.10"]
[Round "9.1"]
[White "Misailovic, Nebojsa"]
[Black "Vujic, Mihailo"]
[Result "1/2-1/2"]
[WhiteElo "2326"]
[BlackElo "2316"]
[PlyCount "65"]
[EventDate "2015.09.04"]

1. b3 e5 2. Bb2 Nc6 3. g3 d5 4. Bg2 Nf6 5. Nf3 e4 6. Ng5 Bc5 7. d4 exd3 8. O-O
h6 9. Nf3 dxe2 10. Qxe2+ Be6 11. Qb5 Bb6 12. Ne5 a6 13. Qa4 Qd6 14. Nd3 O-O-O
15. Ba3 Qd7 16. Bc5 Bh3 17. Nc3 Bxg2 18. Kxg2 d4 19. Bxb6 cxb6 20. Ne2 Qd5+ 21.
Kg1 Rhe8 22. Nef4 Qf3 23. Qc4 g5 24. Qxf7 Nd7 25. Qd5 Nde5 26. Qxf3 Nxf3+ 27.
Kg2 Nd2 28. Rfd1 Ne4 29. Nh5 Nc3 30. Rd2 Ne4 31. Re2 Nc3 32. Rd2 Ne4 33. Re2
1/2-1/2

[Event "II liga SSCS 2015- zapad"]
[Site "Ravni Gaj"]
[Date "2015.10.10"]
[Round "9.1"]
[White "Tojagic, Dane"]
[Black "Muratovic, Efim"]
[Result "1/2-1/2"]
[WhiteElo "2271"]
[BlackElo "2369"]
[PlyCount "49"]
[EventDate "2015.09.04"]

1. d4 Nf6 2. c4 g6 3. Nc3 d5 4. Nf3 Bg7 5. Bg5 c6 6. e3 Ne4 7. Bf4 Nxc3 8. bxc3
O-O 9. Be2 dxc4 10. Bxc4 Nd7 11. Bb3 Qa5 12. Qd2 e5 13. Bg3 e4 14. Ng1 Nc5 15.
Bc2 Rd8 16. Bh4 Re8 17. Ne2 Bg4 18. O-O Nd7 19. Nc1 Nb6 20. Bb3 Rac8 21. h3 Be6
22. Bxe6 Rxe6 23. Nb3 Qh5 24. Bg3 Nc4 25. Qd1 1/2-1/2

[Event "II liga SSCS 2015- zapad"]
[Site "Ravni Gaj"]
[Date "2015.10.10"]
[Round "9.1"]
[White "Civric, Zdravko"]
[Black "Markovic, Dragan P"]
[Result "0-1"]
[WhiteElo "2225"]
[BlackElo "2216"]
[PlyCount "112"]
[EventDate "2015.09.04"]

1. e4 c6 2. d4 d5 3. e5 Bf5 4. Nc3 e6 5. g4 Bg6 6. Nge2 c5 7. h4 cxd4 8. Nxd4
h5 9. Bb5+ Nd7 10. Bf4 a6 11. Bd3 Bxd3 12. Qxd3 Nc5 13. Qf3 g6 14. g5 Ne7 15.
O-O Bg7 16. Rfe1 O-O 17. Rad1 Qb6 18. a3 Rac8 19. Qe3 Qc7 20. Bg3 Nd7 21. Kg2
Nb6 22. Qc1 Nc4 23. b3 Na5 24. Nb1 Nac6 25. c3 Nxd4 26. cxd4 Qb6 27. Qb2 Nf5
28. Nc3 Qa7 29. Ne2 Rc6 30. Rc1 Rfc8 31. Rxc6 Rxc6 32. Rc1 Rxc1 33. Qxc1 Qb6
34. b4 Qb5 35. Qc2 Bf8 36. Kh3 a5 37. bxa5 Bxa3 38. Bf4 Bb4 39. Bc1 Kg7 40. Bb2
Bxa5 41. Ng3 Qc4 42. Nxf5+ gxf5 43. Qd1 Kg6 44. Kg2 b5 45. Qa1 Qb4 46. Ba3 Qe1
47. Bc1 Qe4+ 48. Kg1 Qg4+ 49. Kf1 Qh3+ 50. Kg1 Qc3 51. Qb1 Qe1+ 52. Kg2 Qe4+
53. Qxe4 fxe4 54. Bb2 Kf5 55. Kg3 Be1 56. Ba1 e3 0-1

[Event "II liga SSCS 2015- zapad"]
[Site "Ravni Gaj"]
[Date "2015.10.10"]
[Round "9.1"]
[White "Milovanovic, Nenad"]
[Black "Pecinar, Zoran"]
[Result "1/2-1/2"]
[WhiteElo "2143"]
[BlackElo "2156"]
[PlyCount "118"]
[EventDate "2015.09.04"]

1. e4 c5 2. Nf3 d6 3. Bb5+ Bd7 4. Bxd7+ Qxd7 5. O-O Nc6 6. b3 Nf6 7. Re1 g6 8.
Bb2 Bg7 9. d3 O-O 10. h3 b5 11. Qe2 e5 12. c4 a6 13. Nc3 Nd4 14. Qd1 Rab8 15.
Nd2 Bh6 16. Nf1 b4 17. Nd5 Nxd5 18. cxd5 f5 19. Bxd4 cxd4 20. Nd2 Bxd2 21. Qxd2
fxe4 22. dxe4 a5 23. a3 Qb5 24. Rec1 Rbc8 25. Rxc8 Rxc8 26. axb4 Qxb4 27. Qg5
Qc3 28. Rf1 Qc7 29. f4 exf4 30. Qxf4 Re8 31. Qf6 Qe7 32. Qxd4 Qxe4 33. Qxe4
Rxe4 34. Ra1 Rb4 35. Rxa5 Rxb3 36. Ra6 Kg7 37. Rxd6 h5 38. Kf2 h4 39. Ra6 Rd3
40. d6 Kf7 41. Ra7+ Ke6 42. d7 Ke7 43. Ra6 Kf7 44. Ra4 Rxd7 45. Rxh4 Kg7 46.
Re4 Rd6 47. Kf3 Kh6 48. Re5 Ra6 49. h4 Rb6 50. g4 Ra6 51. Kf4 Rb6 52. Re7 Rb4+
53. Re4 Rb6 54. Ke5 Ra6 55. Rd4 Ra5+ 56. Ke6 Ra6+ 57. Ke5 Ra5+ 58. Rd5 Ra4 59.
Rd4 Ra6 1/2-1/2

[Event "II liga SSCS 2015- zapad"]
[Site "Ravni Gaj"]
[Date "2015.10.10"]
[Round "9.1"]
[White "Knezevic, Veljko"]
[Black "Simic, Goran S"]
[Result "0-1"]
[WhiteElo "2019"]
[BlackElo "2077"]
[PlyCount "84"]
[EventDate "2015.09.04"]

1. d4 d5 2. c4 e6 3. Nc3 Nf6 4. Nf3 Be7 5. Bg5 O-O 6. e3 h6 7. Bh4 b6 8. cxd5
Nxd5 9. Bxe7 Qxe7 10. Rc1 Bb7 11. Bd3 Rc8 12. O-O Nxc3 13. Rxc3 Nd7 14. Bb1 c5
15. Qe2 cxd4 16. exd4 Rxc3 17. bxc3 Qa3 18. c4 Bxf3 19. gxf3 Nf6 20. Kh1 Rd8
21. Qe3 Qb4 22. Rg1 Kf8 23. Rc1 Rc8 24. c5 Nd5 25. Qe5 bxc5 26. dxc5 Qf4 27.
Qxf4 Nxf4 28. Be4 Ke7 29. Bb7 Rc7 30. c6 Nd3 31. Rc2 Nb4 32. Rb2 a5 33. Ba8
Nxc6 34. Rb5 a4 35. Rb6 Kd7 36. Ra6 Ne5 37. Rxa4 Nc4 38. Be4 Nd6 39. Ra8 Nxe4
40. fxe4 Kd6 41. Kg2 Ke5 42. Ra4 g5 0-1

[Event "II liga SSCS 2015- zapad"]
[Site "Ravni Gaj"]
[Date "2015.10.10"]
[Round "9.1"]
[White "Osatovic, Aleksandar"]
[Black "Zivanic, Slobodan"]
[Result "1-0"]
[WhiteElo "2127"]
[BlackElo "2201"]
[PlyCount "141"]
[EventDate "2015.09.04"]

1. d4 Nf6 2. Nf3 g6 3. c4 Bg7 4. Nc3 d6 5. e4 O-O 6. Bg5 c6 7. h3 h6 8. Bf4 Nh5
9. Bh2 Qa5 10. Qd2 Nd7 11. Be2 e5 12. O-O Re8 13. a3 Qd8 14. Rad1 Qf6 15. d5 c5
16. g3 Qe7 17. Qe3 Nf8 18. Kg2 Qd7 19. Ng1 Nf6 20. f4 exf4 21. gxf4 Nxe4 22.
Nxe4 f5 23. Nxc5 Qd8 24. Ne6 Nxe6 25. dxe6 Bxe6 26. Qd2 Qf6 27. b3 Rad8 28. Nf3
d5 29. Qc2 Kh7 30. Bg1 Qe7 31. Bxa7 Qxa3 32. Bd4 Bxd4 33. Nxd4 Bf7 34. c5 Rc8
35. Rc1 Re4 36. Nb5 Qa6 37. Bd3 Re3 38. Nd6 Rxd3 39. Nxc8 d4 40. Nb6 Bxb3 41.
Qf2 Qa5 42. Rfe1 h5 43. Rb1 Qxc5 44. Qe2 Re3 45. Rxb3 Rxb3 46. Qe7+ Qxe7 47.
Rxe7+ Kg8 48. Nc4 b5 49. Ne5 h4 50. Rd7 Rb2+ 51. Kf1 Rh2 52. Rxd4 Rxh3 53. Nxg6
Rf3+ 54. Ke2 Rh3 55. Rd7 Rh2+ 56. Kf3 Rh3+ 57. Kf2 Rh2+ 58. Kg1 Rh3 59. Ne5 Re3
60. Kh2 b4 61. Rb7 b3 62. Ng6 h3 63. Ne7+ Kf8 64. Nxf5 Rf3 65. Nh4 Rc3 66. f5
Rc2+ 67. Kxh3 b2 68. Kg4 Kg8 69. Kg5 Kf8 70. Kg6 Rc4 71. Nf3 1-0

[Event "II liga SSCS 2015- zapad"]
[Site "Ravni Gaj"]
[Date "2015.10.10"]
[Round "9.3"]
[White "Nestorovic, Lazar"]
[Black "Aleksic, Milan"]
[Result "1/2-1/2"]
[WhiteElo "2333"]
[BlackElo "2246"]
[PlyCount "106"]
[EventDate "2015.09.04"]

1. e4 c5 2. Nf3 Nc6 3. d4 cxd4 4. Nxd4 Nf6 5. Nc3 d6 6. Bg5 e6 7. Qd2 a6 8.
O-O-O h6 9. Be3 Be7 10. f3 Nxd4 11. Bxd4 b5 12. a3 Rb8 13. Kb1 O-O 14. g4 Nd7
15. h4 Ne5 16. Be2 Nc6 17. Be3 b4 18. axb4 Rxb4 19. f4 Bd7 20. Na2 Rxe4 21. c4
Qa5 22. Bd3 Rxe3 23. Qxe3 Bf6 24. Rh2 Bd4 25. Qc1 Rb8 26. h5 d5 27. g5 Kf8 28.
gxh6 gxh6 29. f5 Ke7 30. Qxh6 dxc4 31. Bxc4 Qxf5+ 32. Bd3 Qe5 33. Re2 Rxb2+ 34.
Rxb2 Bxb2 35. Qd2 Bd4 36. Bxa6 Qxh5 37. Qc2 Qa5 38. Bc4 e5 39. Rf1 f5 40. Bb3
Qa3 41. Rh1 Nb4 42. Rh7+ Kd6 43. Rxd7+ Kxd7 44. Qxf5+ Kc6 45. Qc8+ Kb6 46. Qb8+
Kc5 47. Qc8+ Kb6 48. Qd8+ Kc5 49. Qe7+ Kb5 50. Qd7+ Kb6 51. Qd8+ Kc5 52. Qc8+
Kb6 53. Qb8+ Kc5 1/2-1/2

[Event "II liga SSCS 2015- zapad"]
[Site "Ravni Gaj"]
[Date "2015.10.10"]
[Round "9.3"]
[White "Markovic, Sasa"]
[Black "Misic, Dragan"]
[Result "1/2-1/2"]
[WhiteElo "2116"]
[BlackElo "2250"]
[PlyCount "30"]
[EventDate "2015.09.04"]

1. d4 d5 2. Bg5 c6 3. c3 Bf5 4. Qb3 Qb6 5. Nd2 Nd7 6. Ngf3 Ngf6 7. e3 e6 8. Be2
Be7 9. O-O O-O 10. Ne5 Qc7 11. f4 Nxe5 12. fxe5 Ne4 13. Nxe4 Bxe4 14. Bf4 c5
15. Qd1 Qb6 1/2-1/2

[Event "II liga SSCS 2015- zapad"]
[Site "Ravni Gaj"]
[Date "2015.10.10"]
[Round "9.3"]
[White "Stojanovic, Dobrisav"]
[Black "Zivanovic, Blagoje"]
[Result "0-1"]
[WhiteElo "2298"]
[BlackElo "1948"]
[PlyCount "84"]
[EventDate "2015.09.04"]

1. d4 Nf6 2. c4 e5 3. dxe5 Ne4 4. Qd5 Bb4+ 5. Nd2 Nxd2 6. Bxd2 Qe7 7. Bxb4
Qxb4+ 8. Qd2 Qxc4 9. e3 Qc5 10. f4 Nc6 11. Rc1 Qb6 12. Ne2 O-O 13. Nc3 Ne7 14.
Na4 Qe6 15. Nc5 Qd5 16. Bd3 b6 17. e4 Qxa2 18. Bc4 Qa5 19. Qxa5 bxa5 20. Rd1
Rd8 21. e6 d6 22. exf7+ Kf8 23. Be6 Rb8 24. Bxc8 Rdxc8 25. Nd7+ Kxf7 26. Nxb8
Rxb8 27. Rd2 Rb4 28. Re2 Nc6 29. O-O Nd4 30. Rd2 c5 31. Re1 Ke6 32. Re3 Nb3 33.
f5+ Ke5 34. Rd5+ Kf4 35. Rf3+ Kxe4 36. Rxd6 Nd4 37. Rf2 Nxf5 38. Rd7 Rd4 39.
Rxa7 Ne3 40. Re7+ Kd3 41. Rxg7 h5 42. Rg5 Rc4 0-1

[Event "II liga SSCS 2015- zapad"]
[Site "Ravni Gaj"]
[Date "2015.10.10"]
[Round "9.3"]
[White "Zajic, Milun"]
[Black "Zivkovic, Dejan"]
[Result "0-1"]
[WhiteElo "2037"]
[BlackElo "2291"]
[PlyCount "116"]
[EventDate "2015.09.04"]

1. c4 Nf6 2. g3 c6 3. Bg2 d5 4. cxd5 cxd5 5. Nf3 Nc6 6. O-O g6 7. b3 Bg7 8. Bb2
O-O 9. d3 Bf5 10. Nbd2 Qa5 11. Qe1 Rfd8 12. a3 Rac8 13. b4 Qb6 14. Rb1 a6 15.
e4 dxe4 16. dxe4 Be6 17. Qe2 Bh6 18. Rfd1 Ne8 19. Nc4 Rxd1+ 20. Rxd1 Qb5 21.
Bf1 Nxb4 22. Nd4 Bxc4 23. Nxb5 Bxe2 24. Bxe2 Na2 25. Nd4 Nc3 26. Bxc3 Rxc3 27.
a4 Rc1 28. Rxc1 Bxc1 29. Nb3 Bb2 30. Na5 Nd6 31. Nc4 Nxc4 32. Bxc4 Kf8 33. Kf1
e6 34. Ke2 Ke7 35. Kd3 Kd6 36. f4 Kc5 37. Bb3 Kb4 38. Bd1 a5 39. Bc2 Bg7 40.
Bd1 Bf8 41. h3 Bc5 42. g4 b5 43. axb5 a4 44. Kc2 Kxb5 45. Kb2 Kb4 46. f5 g5 47.
fxe6 fxe6 48. Ka2 e5 49. Kb2 a3+ 50. Ka2 Kc3 51. Bb3 Kd4 52. Bd5 Ke3 53. Kb3
Kf3 54. Kc3 Kg3 55. Kd3 Kxh3 56. Be6 Kg3 57. Kc2 Kf4 58. Kd3 Kf3 0-1

[Event "II liga SSCS 2015- zapad"]
[Site "Ravni Gaj"]
[Date "2015.10.10"]
[Round "9.3"]
[White "Ignjatovic, Predrag"]
[Black "Zivanovic, Miroslav"]
[Result "1/2-1/2"]
[WhiteElo "2263"]
[BlackElo "2002"]
[PlyCount "77"]
[EventDate "2015.09.04"]

1. e4 e5 2. Nf3 Nf6 3. Nxe5 d6 4. Nc4 Nxe4 5. Nc3 Nxc3 6. dxc3 Be7 7. Bf4 Be6
8. Qd2 Nc6 9. O-O-O Qd7 10. Be2 O-O-O 11. Ne3 g5 12. Bg3 h5 13. h4 g4 14. Nd5
Bxd5 15. Qxd5 Qe6 16. Bc4 Qxd5 17. Rxd5 Rdf8 18. Rf5 f6 19. Be6+ Kb8 20. f3
gxf3 21. gxf3 Bd8 22. Rd5 Ne7 23. Rd3 f5 24. Bf2 Ng6 25. Rd4 f4 26. Re4 Rh6 27.
Bd4 Bf6 28. Bf5 a6 29. Bxg6 Bxd4 30. cxd4 Rxg6 31. Rhe1 Rg3 32. Re8+ Rxe8 33.
Rxe8+ Ka7 34. Rh8 Rxf3 35. Rxh5 Rh3 36. Kd2 Rh2+ 37. Kd3 f3 38. Rf5 f2 39. h5
1/2-1/2

[Event "II liga SSCS 2015- zapad"]
[Site "Ravni Gaj"]
[Date "2015.10.10"]
[Round "9.3"]
[White "Djokovic, Ivan"]
[Black "Savic, Dragan"]
[Result "1-0"]
[WhiteElo "2153"]
[BlackElo "2116"]
[PlyCount "121"]
[EventDate "2015.09.04"]

1. e4 e6 2. d4 d5 3. Nc3 Bb4 4. exd5 Qxd5 5. Nf3 c5 6. Bd2 Qd8 7. dxc5 Bxc5 8.
Ne4 Be7 9. Bc3 Qxd1+ 10. Rxd1 f6 11. Bb5+ Kf7 12. O-O a6 13. Be2 Nc6 14. a3 Nh6
15. Bc4 b5 16. Bb3 Rd8 17. Rde1 Nf5 18. Ng3 Nxg3 19. hxg3 Bc5 20. Re2 Ra7 21.
Rfe1 Re7 22. Kh2 h5 23. Bd2 Rde8 24. Be3 Bxe3 25. Rxe3 Rd8 26. Rc3 Bb7 27. Rce3
Rd6 28. Ba2 Nd8 29. c4 Rc7 30. cxb5 axb5 31. Bb1 g5 32. Rd3 Rcd7 33. Red1 Bd5
34. Ba2 Nc6 35. Kg1 Ke7 36. Bxd5 Rxd5 37. Rxd5 exd5 38. Kf1 Kd6 39. Ke2 Rb7 40.
Rh1 Rh7 41. Kd2 g4 42. Ne1 d4 43. Nd3 Na5 44. Nf4 Nc4+ 45. Kd3 Kc5 46. b4+ Kd6
47. Kxd4 Nxa3 48. Rxh5 Rc7 49. Rd5+ Ke7 50. Rc5 Nc2+ 51. Kc3 Rxc5+ 52. bxc5 Na3
53. Kb4 Nc2+ 54. Kxb5 Kd7 55. Kb6 Nb4 56. Kb7 Nc6 57. Nd5 Nd8+ 58. Kb6 f5 59.
Ne3 Ke6 60. c6 Nf7 61. Nc4 1-0

[Event "II liga SSCS 2015- zapad"]
[Site "Ravni Gaj"]
[Date "2015.10.10"]
[Round "9.3"]
[White "Nenadovic, Ljubisa"]
[Black "Markovic, Miroslav R"]
[Result "1/2-1/2"]
[WhiteElo "2137"]
[BlackElo "2080"]
[PlyCount "31"]
[EventDate "2015.09.04"]

1. d4 e6 2. c4 c5 3. d5 exd5 4. cxd5 d6 5. Nc3 g6 6. e4 Bg7 7. f4 a6 8. a4 Ne7
9. Nf3 Bg4 10. Be2 Bxf3 11. Bxf3 O-O 12. O-O f5 13. e5 dxe5 14. d6 Nec6 15.
Bxc6 Nxc6 16. Qd5+ 1/2-1/2

[Event "II liga SSCS 2015- zapad"]
[Site "Ravni Gaj"]
[Date "2015.10.10"]
[Round "9.4"]
[White "Ilic, Zdravko"]
[Black "Kotlaja, Nikola"]
[Result "1-0"]
[WhiteElo "2131"]
[BlackElo "1632"]
[PlyCount "45"]
[EventDate "2015.09.04"]

1. e4 e6 2. d4 d5 3. e5 c5 4. c3 Nc6 5. Be3 cxd4 6. cxd4 Bb4+ 7. Nc3 Nge7 8.
Bd3 Nxe5 9. dxe5 d4 10. Bb5+ Nc6 11. Bxc6+ bxc6 12. Qxd4 Qxd4 13. Bxd4 c5 14.
Be3 O-O 15. Nge2 Ba6 16. a3 Bxe2 17. Kxe2 Bxc3 18. bxc3 c4 19. Rab1 a6 20. Rb4
Rfc8 21. Rd1 Rc6 22. Rd7 Kf8 23. Rbb7 1-0

[Event "II liga SSCS 2015- zapad"]
[Site "Ravni Gaj"]
[Date "2015.10.10"]
[Round "9.4"]
[White "Bojanic, Bratislav"]
[Black "Rikalovic, Dimitrije"]
[Result "1-0"]
[WhiteElo "2242"]
[BlackElo "1996"]
[PlyCount "61"]
[EventDate "2015.09.04"]

1. e4 d6 2. d4 c6 3. Nc3 g6 4. Be3 Nf6 5. f3 Bg7 6. Qd2 O-O 7. O-O-O Re8 8. h4
b5 9. g4 h5 10. gxh5 Nxh5 11. Bh3 Qa5 12. Nge2 Nd7 13. Bxd7 Bxd7 14. Nf4 Nxf4
15. Bxf4 b4 16. Nb1 Qh5 17. Rdg1 Be6 18. Qe3 Bxa2 19. Rg5 Qh8 20. e5 c5 21. h5
cxd4 22. Qg1 f6 23. Rxg6 Bf7 24. Rh6 dxe5 25. Rxh8+ Kxh8 26. h6 Bf8 27. Bxe5
fxe5 28. Qg5 Red8 29. Qxe5+ Kh7 30. Nd2 Rd6 31. Qe4+ 1-0

[Event "II liga SSCS 2015- zapad"]
[Site "Ravni Gaj"]
[Date "2015.10.10"]
[Round "9.4"]
[White "Savic, Petar A"]
[Black "Drcelic, Sreten"]
[Result "1/2-1/2"]
[WhiteElo "2113"]
[BlackElo "2254"]
[PlyCount "41"]
[EventDate "2015.09.04"]

1. e4 d6 2. d4 Nf6 3. Bd3 e5 4. d5 Be7 5. c4 O-O 6. Nc3 c6 7. Nge2 Nbd7 8. h3
Nc5 9. Bc2 a5 10. Be3 Qc7 11. O-O cxd5 12. cxd5 Bd7 13. a4 Rab8 14. f4 b5 15.
axb5 Bxb5 16. Rb1 Bc4 17. fxe5 dxe5 18. Rf3 Ne8 19. Ng3 Nd6 20. Nf5 Nxf5 21.
Rxf5 1/2-1/2

[Event "II liga SSCS 2015- zapad"]
[Site "Ravni Gaj"]
[Date "2015.10.10"]
[Round "9.4"]
[White "Novakovic, Miroslav"]
[Black "Rikalovic, Milan"]
[Result "1/2-1/2"]
[WhiteElo "2052"]
[BlackElo "2045"]
[PlyCount "26"]
[EventDate "2015.09.04"]

1. d4 d5 2. Nf3 Nf6 3. c4 e6 4. Nc3 c6 5. e3 Bd6 6. Bd3 O-O 7. e4 dxe4 8. Nxe4
Nxe4 9. Bxe4 g6 10. O-O Nd7 11. Bg5 Be7 12. Bxe7 Qxe7 13. Re1 Nf6 1/2-1/2

[Event "II liga SSCS 2015- zapad"]
[Site "Ravni Gaj"]
[Date "2015.10.10"]
[Round "9.5"]
[White "Irizanin, Radoje"]
[Black "Pantelic, Sasa"]
[Result "1/2-1/2"]
[WhiteElo "2281"]
[BlackElo "2319"]
[PlyCount "73"]
[EventDate "2015.09.04"]

1. d4 Nf6 2. Nf3 g6 3. Nbd2 Bg7 4. e4 d6 5. Bd3 O-O 6. O-O Nc6 7. c3 e5 8. h3
Nh5 9. Nb3 Bd7 10. Re1 Qe8 11. Bc2 b6 12. Be3 Kh8 13. dxe5 dxe5 14. Nbd2 Qe7
15. Nc4 Be6 16. Qe2 Nf4 17. Bxf4 exf4 18. e5 Rad8 19. Na3 Bd5 20. Rad1 Bxf3 21.
Qxf3 Nxe5 22. Qxf4 Rd6 23. Nc4 Re6 24. Nxe5 Bxe5 25. Qd2 Re8 26. g3 Kg8 27. Bb3
Rd6 28. Qe3 Rxd1 29. Rxd1 Kg7 30. Kg2 Bd6 31. Qxe7 Rxe7 32. Kf3 Re5 33. Rd5 Re7
34. h4 f5 35. Rd2 Re1 36. Rd1 Re7 37. Rd2 1/2-1/2

[Event "II liga SSCS 2015- zapad"]
[Site "Ravni Gaj"]
[Date "2015.10.10"]
[Round "9.5"]
[White "Radovanovic, Jovica"]
[Black "Mirkovic, Stevan"]
[Result "1/2-1/2"]
[WhiteElo "2333"]
[BlackElo "2328"]
[PlyCount "60"]
[EventDate "2015.09.04"]

1. d4 d5 2. Nf3 Nf6 3. c4 dxc4 4. e3 e6 5. Bxc4 c5 6. O-O a6 7. Bb3 Be7 8. Qe2
Nc6 9. Rd1 cxd4 10. exd4 O-O 11. Nc3 Nb4 12. Bg5 Nbd5 13. Ne5 Nxc3 14. bxc3 Nd5
15. Bd2 Bd6 16. c4 Ne7 17. Bf4 Ng6 18. Bg3 Qc7 19. h4 Nxe5 20. dxe5 Bc5 21. Bc2
f5 22. Rd6 Qe7 23. Rad1 g6 24. Qd2 b6 25. Bf4 Qxh4 26. Rd3 Bb7 27. Rh3 Qg4 28.
Rg3 Qh4 29. Rh3 Qg4 30. Rg3 Qh4 1/2-1/2

[Event "II liga SSCS 2015- zapad"]
[Site "Ravni Gaj"]
[Date "2015.10.10"]
[Round "9.5"]
[White "Gavrilovic, Leonardo"]
[Black "Jesic, Dusan"]
[Result "1-0"]
[WhiteElo "2207"]
[BlackElo "2368"]
[PlyCount "89"]
[EventDate "2015.09.04"]

1. Nf3 Nf6 2. c4 g6 3. g3 Bg7 4. Bg2 O-O 5. O-O d6 6. Nc3 e5 7. d4 Nbd7 8. h3
c6 9. e4 Qa5 10. Re1 Re8 11. d5 cxd5 12. cxd5 b5 13. Bd2 b4 14. Na4 Nb6 15.
Nxb6 Qxb6 16. Qb3 Rb8 17. Be3 Qd8 18. Nd2 a5 19. a4 Rf8 20. Rec1 Bd7 21. Qc4
Ne8 22. Qa6 f5 23. Nc4 f4 24. Bb6 Qg5 25. h4 Qg4 26. f3 Qh5 27. Qa7 Nf6 28.
gxf4 Qxh4 29. Bf2 Qh5 30. fxe5 dxe5 31. Nxe5 Qxe5 32. Bd4 Qe8 33. Rc7 Rf7 34.
Rac1 Ra8 35. Qb7 Rd8 36. Qa7 Ra8 37. Qc5 Bxa4 38. d6 Nd7 39. Qc4 Bxd4+ 40. Qxd4
Qe5 41. Qxe5 Nxe5 42. Rxf7 Kxf7 43. f4 Nd3 44. Rc7+ Ke6 45. e5 1-0

[Event "II liga SSCS 2015- zapad"]
[Site "Ravni Gaj"]
[Date "2015.10.10"]
[Round "9.5"]
[White "Begus, Drasko"]
[Black "Matovic, Petar"]
[Result "1/2-1/2"]
[WhiteElo "2298"]
[BlackElo "2165"]
[PlyCount "30"]
[EventDate "2015.09.04"]

1. Nf3 d5 2. g3 Bf5 3. Bg2 c6 4. b3 Nf6 5. Bb2 e6 6. O-O Bc5 7. c4 O-O 8. d4
Bd6 9. Nc3 Qe7 10. Nd2 Ba3 11. Qc1 Bxb2 12. Qxb2 Nbd7 13. Rfe1 Rfd8 14. Rad1
Rac8 15. e4 dxe4 1/2-1/2

[Event "II liga SSCS 2015- zapad"]
[Site "Ravni Gaj"]
[Date "2015.10.10"]
[Round "9.5"]
[White "Radosavljevic, Slobodan S"]
[Black "Misojcic, Miroslav"]
[Result "0-1"]
[WhiteElo "2162"]
[BlackElo "2225"]
[PlyCount "56"]
[EventDate "2015.09.04"]

1. d4 d5 2. c4 c6 3. Nc3 Nf6 4. cxd5 cxd5 5. g3 Nc6 6. Bg2 a6 7. Nf3 e6 8. O-O
b5 9. Bg5 Be7 10. Rc1 Bb7 11. h3 O-O 12. Kh2 Rc8 13. Ne1 Nd7 14. Bxe7 Nxe7 15.
Nd3 Nf5 16. e3 Nd6 17. Qe2 a5 18. Rfd1 b4 19. Na4 Ba6 20. b3 Bb5 21. Qb2 Nc4
22. Qc2 Nxe3 23. Qxc8 Qxc8 24. Rxc8 Nxd1 25. Rxf8+ Kxf8 26. Nab2 Nc3 27. Nc1
Nb8 28. Kg1 Nc6 0-1

[Event "II liga SSCS 2015- zapad"]
[Site "Ravni Gaj"]
[Date "2015.10.10"]
[Round "9.5"]
[White "Marjanovic, Ivan D"]
[Black "Markovic, Aleksandar"]
[Result "0-1"]
[WhiteElo "1985"]
[BlackElo "2200"]
[PlyCount "116"]
[EventDate "2015.09.04"]

1. e4 d6 2. d4 Nf6 3. Bd3 e5 4. c3 Nc6 5. Ne2 d5 6. Bg5 Be7 7. Bxf6 Bxf6 8.
dxe5 Nxe5 9. Bc2 dxe4 10. Qxd8+ Bxd8 11. Bxe4 O-O 12. O-O c6 13. Nd2 Bb6 14.
Nf3 Nxf3+ 15. Bxf3 Bf5 16. Rfe1 Rad8 17. Ng3 Be6 18. b3 Rd3 19. c4 Rfd8 20. Nf1
Kf8 21. Be4 R3d7 22. Bxh7 Ba5 23. Re3 Bb6 24. Ree1 Ba5 25. Re4 Rd1 26. Rxd1
Rxd1 27. h3 b5 28. cxb5 cxb5 29. Re2 Bb6 30. Be4 a5 31. Bc6 b4 32. g4 Rc1 33.
Be4 a4 34. bxa4 Bc4 35. Rc2 Rxf1+ 36. Kg2 Ba6 37. Rc6 Rxf2+ 38. Kg3 Rf6 39.
Rxf6 gxf6 40. Bd5 Kg7 41. h4 Bc8 42. Kf4 Bc7+ 43. Kf3 Bd7 44. Bb3 f5 45. gxf5
Bxf5 46. Ke3 Bb6+ 47. Kf4 Kf6 48. Bc4 Bd7 49. Bb3 Bc6 50. Bc2 Bc7+ 51. Kg4 Bd7+
52. Kh5 Be6 53. Bb3 Bf5 54. Bc4 Bb6 55. Bb3 Bd8 56. Bc4 Bc2 57. Bb3 Bxb3 58.
axb3 Kf5 0-1

[Event "II liga SSCS 2015- zapad"]
[Site "Ravni Gaj"]
[Date "2015.10.10"]
[Round "9.5"]
[White "Roljevic, Djordje"]
[Black "Milinkovic, Nikola"]
[Result "1/2-1/2"]
[WhiteElo "2090"]
[BlackElo "1923"]
[PlyCount "89"]
[EventDate "2015.09.04"]

1. d4 Nf6 2. Nf3 g6 3. Nc3 d6 4. e4 a6 5. Bf4 Bg7 6. Qd2 b5 7. Bd3 Bb7 8. a3
O-O 9. Bh6 c5 10. Bxg7 Kxg7 11. dxc5 dxc5 12. e5 Nd5 13. e6 f6 14. O-O-O Qa5
15. Be4 Nxc3 16. Bxb7 Ra7 17. Qxc3 Qxc3 18. bxc3 Rxb7 19. Nd2 Rb6 20. Rhe1 f5
21. Nb3 Rc8 22. Rd5 b4 23. cxb4 cxb4 24. a4 Rbc6 25. Nd4 Rc3 26. Re3 Kf6 27.
Rxc3 Rxc3 28. Kb2 Nc6 29. Nb3 Kxe6 30. Rc5 Kd6 31. Rxc3 bxc3+ 32. Kxc3 Nd8 33.
f4 h6 34. Kd3 e5 35. c4 Ke6 36. fxe5 Kxe5 37. g3 g5 38. Nc5 a5 39. Nb3 h5 40.
h3 f4 41. gxf4+ Kxf4 42. c5 g4 43. hxg4 hxg4 44. Nc1 Kf3 45. Ne2 1/2-1/2

[Event "II liga SSCS 2015- zapad"]
[Site "Ravni Gaj"]
[Date "2015.10.10"]
[Round "9.5"]
[White "Urosevic, Zoran"]
[Black "Kozaicevski, Fedja"]
[Result "1-0"]
[WhiteElo "2211"]
[BlackElo "1965"]
[PlyCount "75"]
[EventDate "2015.09.04"]

1. Nf3 Nf6 2. b3 d6 3. g3 g6 4. Bg2 Bg7 5. Bb2 O-O 6. O-O c6 7. c4 e5 8. d3
Nbd7 9. Qc2 Nh5 10. Nc3 f5 11. b4 f4 12. Nd2 Ndf6 13. Na4 Ng4 14. Ne4 Bf5 15.
Nac3 d5 16. cxd5 cxd5 17. Qb3 Kh8 18. Qxd5 Qb6 19. Qd6 Bxe4 20. Qxb6 Bxg2 21.
Qe6 Bh3 22. Qe7 fxg3 23. hxg3 Bxf1 24. Rxf1 Rae8 25. Qxb7 e4 26. dxe4 Nxg3 27.
Nd1 Bxb2 28. fxg3 Bd4+ 29. Kg2 Rxf1 30. Kxf1 Rf8+ 31. Kg2 Ne3+ 32. Nxe3 Bxe3
33. e5 g5 34. Qe4 Bb6 35. e6 h6 36. Qg6 Rf2+ 37. Kh3 Rxe2 38. Qxh6+ 1-0

[Event "II liga SSCS 2015- zapad"]
[Site "Ravni Gaj"]
[Date "2015.10.10"]
[Round "9.6"]
[White "Vujovic, Radojica"]
[Black "Djosic, Slavoljub"]
[Result "1/2-1/2"]
[WhiteElo "2118"]
[BlackElo "2281"]
[PlyCount "115"]
[EventDate "2015.09.04"]

1. e4 d6 2. d4 Nf6 3. Nc3 Nbd7 4. f4 e5 5. Nf3 exd4 6. Qxd4 c6 7. Be3 d5 8.
exd5 Bc5 9. Qd2 Qe7 10. Nd4 O-O 11. O-O-O Bxd4 12. Bxd4 Nxd5 13. Re1 Qd6 14. g3
N7f6 15. Bxf6 Qxf6 16. Nxd5 cxd5 17. Qxd5 Be6 18. Qe5 Qd8 19. f5 Qg5+ 20. Qe3
Qxf5 21. Bd3 Qa5 22. a3 Qd5 23. b3 Qa5 24. Kb2 Rac8 25. Qe5 Rc5 26. Qd4 Rd8 27.
Qb4 Qc7 28. Qe4 g6 29. Qe2 Qd6 30. Qe3 a5 31. Rd1 Qc7 32. Rhe1 Rc8 33. Rd2 Rc3
34. Qe5 Rc5 35. Qf6 Rc6 36. Rde2 Qd8 37. Qf4 Qd6 38. Qf6 Qd8 39. Qxd8+ Rxd8 40.
Re5 b6 41. h4 Kg7 42. h5 Rdd6 43. hxg6 hxg6 44. a4 Rd4 45. R5e3 Rcd6 46. Kc3
Rg4 47. Rf1 Rc6+ 48. Kb2 Rd4 49. Rf2 Rc5 50. c4 Rg5 51. Be4 Rd8 52. Kc3 Rd1 53.
Rd2 Rxd2 54. Kxd2 Kf6 55. Rf3+ Ke5 56. Bd3 Kd4 57. Be2 Re5 58. Bd1 1/2-1/2

[Event "II liga SSCS 2015- zapad"]
[Site "Ravni Gaj"]
[Date "2015.10.10"]
[Round "9.6"]
[White "Rajevic, Gavrilo"]
[Black "Milovanovic, Pantelija"]
[Result "1/2-1/2"]
[WhiteElo "2264"]
[BlackElo "2110"]
[PlyCount "24"]
[EventDate "2015.09.04"]

1. e4 e6 2. d4 d5 3. Nc3 a6 4. Nf3 Nf6 5. Bd3 c5 6. exd5 exd5 7. O-O c4 8. Re1+
Be7 9. Bf1 O-O 10. Ne5 Nc6 11. g3 Bb4 12. Bg2 Be6 1/2-1/2

[Event "II liga SSCS 2015- zapad"]
[Site "Ravni Gaj"]
[Date "2015.10.10"]
[Round "9.6"]
[White "Dikic, Veljko"]
[Black "Jovanovic, Stefan"]
[Result "1-0"]
[WhiteElo "1959"]
[BlackElo "1593"]
[PlyCount "47"]
[EventDate "2015.09.04"]

1. e4 c6 2. d4 d6 3. Nc3 Qc7 4. f4 e5 5. Nf3 Bg4 6. Be2 Nd7 7. h3 Bxf3 8. Bxf3
Be7 9. O-O Ngf6 10. Be3 O-O 11. g4 c5 12. dxe5 dxe5 13. f5 Nb6 14. g5 Ne8 15.
Qe2 c4 16. Qf2 Qc6 17. Kh1 Rc8 18. Rg1 g6 19. f6 Bc5 20. Bxc5 Qxc5 21. Qh4 Nc7
22. Qh6 Ne6 23. Rg4 Rfd8 24. Rh4 1-0